The effective editor : (Record no. 11957)

MARC details
000 -LEADER
fixed length control field 00973cam a22002654a 4500
001 - CONTROL NUMBER
control field 12180854
003 - CONTROL NUMBER IDENTIFIER
control field MUT
005 - DATE AND TIME OF LATEST TRANSACTION
control field 20240606081212.0
008 - FIXED-LENGTH DATA ELEMENTS--GENERAL INFORMATION
fixed length control field 000921s2000 flu 000 0 eng
010 ## - LIBRARY OF CONGRESS CONTROL NUMBER
LC control number 00131761
020 ## - INTERNATIONAL STANDARD BOOK NUMBER
International Standard Book Number 1566251427
040 ## - CATALOGING SOURCE
Original cataloging agency DLC
Transcribing agency MUT
Modifying agency DLC
042 ## - AUTHENTICATION CODE
Authentication code pcc
050 00 - LIBRARY OF CONGRESS CALL NUMBER
Classification number PN4778
Item number .D38 2000
082 00 - DEWEY DECIMAL CLASSIFICATION NUMBER
Classification number 070.4/1
Edition information 21
100 1# - MAIN ENTRY--PERSONAL NAME
Personal name Davis, Foster.
245 14 - TITLE STATEMENT
Title The effective editor :
Remainder of title how to lead your staff to better writing and better teamwork /
260 ## - PUBLICATION, DISTRIBUTION, ETC.
Place of publication, distribution, etc. St. Petersburg, Fla. :
Name of publisher, distributor, etc. Poynter Institute ;
Place of publication, distribution, etc. Chicago, Ill. :
Name of publisher, distributor, etc. Bonus Books,
Date of publication, distribution, etc. c2000.
300 ## - PHYSICAL DESCRIPTION
Extent 164 p. ;
Dimensions 23 cm.
650 #0 - SUBJECT ADDED ENTRY--TOPICAL TERM
Topical term or geographic name entry element Journalism
General subdivision Editing.
700 1# - ADDED ENTRY--PERSONAL NAME
Personal name Dunlap, Karen F.
906 ## - LOCAL DATA ELEMENT F, LDF (RLIN)
a 7
b cbc
c orignew
d 2
e ncip
f 20
g y-gencatlg
942 ## - ADDED ENTRY ELEMENTS (KOHA)
Source of classification or shelving scheme Library of Congress Classification
Koha item type Books
Holdings
Withdrawn status Lost status Source of classification or shelving scheme Damaged status Not for loan Home library Current library Shelving location Date acquired Source of acquisition Total checkouts Full call number Barcode Date last seen Price effective from Koha item type
    Library of Congress Classification     Murang'a University of Technology Library Murang'a University of Technology Library General stacks 20/09/2017 Donation-TFC   PN4778 .D38 2000 012888 30/08/2024 20/09/2017 Books